English Poetry and Prose 1540-1674 (Record no. 1855)

MARC details
005 - DATE AND TIME OF LATEST TRANSACTION
control field 20250430170323.0
020 ## - INTERNATIONAL STANDARD BOOK NUMBER
International Standard Book Number 0-87226-126-3
082 ## - DEWEY DECIMAL CLASSIFICATION NUMBER
Classification number 820.9 RIC
245 ## - TITLE STATEMENT
Title English Poetry and Prose 1540-1674
260 ## - PUBLICATION, DISTRIBUTION, ETC.
Place of publication, distribution, etc. New York,
Name of publisher, distributor, etc. Peter Bedrick Books,
Date of publication, distribution, etc. 1970.
300 ## - PHYSICAL DESCRIPTION
Extent vii, 468p.,
Other physical details Index, Bibliography,
Dimensions 23cm.
700 ## - ADDED ENTRY--PERSONAL NAME
Other authors/Editors RICKS, C.
942 ## - ADDED ENTRY ELEMENTS (KOHA)
Source of classification or shelving scheme Dewey Decimal Classification
Koha item type Books
Holdings
Date last seen Total checkouts Full call number Barcode Cost, replacement price Price effective from Koha item type Lost status Source of classification or shelving scheme Damaged status Not for loan Withdrawn status Home library Current library Shelving location Date acquired Cost, normal purchase price
04/30/2025   820.9 RIC 0000006117 60000.00 10/06/1994 Books   Dewey Decimal Classification       College of Business Education Main Library College of Business Education Main Library General Collection 04/30/2025 20000.00